Gaming Quiz

Random Gaming Quiz
Score 0/27 Timer 07:00
0 Plays Today
Hint Answer % Correct
Name of Link's boatKing of Red Lions
94.7%
PirateTetra
93.1%
MenaceGanondorf
84.7%
Final BossGanondorf
84.7%
WeaponMaster Sword
73.3%
Wind SageMakar
71.8%
Earth SageMedli
70.2%
DefenseMirror Shield
68.7%
WeaponBow
64.9%
ToolGrappling Hook
57.3%
WeaponBoomerang
57.3%
Boss 1Gohma
55.7%
Forest GuardianGreat Deku Tree
55%
Water GuardianJabun
50.4%
Hint Answer % Correct
Cyclone GodCyclos
48.9%
Boss 4Helmaroc King
47.3%
Boss 7Puppet Ganon
45%
Boss 6Molgera
44.3%
Boss 5Jalhalla
40.5%
Boss 2Kalle Demos
38.9%
ItemBomb
38.2%
Boss 3Gohdan
38.2%
Wind GodZephos
36.6%
Fake TriforceTriumph Forks
32.8%
ToolWind Waker
23.7%
7.6%
DefenseRegular Shield
5.3%

You're not logged in!

Compare scores with friends on all Sporcle quizzes.
OR
Log In

Sporcle TV

Today on Sporcle TV


Watch our educational content, quiz creation guides, and fun videos on Sporcle TV.

Show Comments

Extras

Created Oct 28, 2013ReportNominate
Tags:bag, item, wind, Wind Waker, Zelda

Top Quizzes Today


Score Distribution

Paid Content

Your Account Isn't Verified!

In order to create a playlist on Sporcle, you need to verify the email address you used during registration. Go to your Sporcle Settings to finish the process.

Report this User

Report this user for behavior that violates our Community Guidelines.

Details: